<?xml version="1.0" encoding="UTF-8"?>
<collection xmlns="http://www.loc.gov/MARC21/slim">
<record>
  <controlfield tag="001">1369</controlfield>
  <controlfield tag="005">20130405034712.0</controlfield>
  <datafield tag="856" ind1="0" ind2=" ">
    <subfield code="f">vacahc@gmail.com</subfield>
  </datafield>
  <datafield tag="300" ind1=" " ind2=" ">
    <subfield code="a">03:33</subfield>
    <subfield code="b">720x480 4/3, 29.97</subfield>
    <subfield code="c">Vhc-kpix_Cement_2009585</subfield>
    <subfield code="d">Vhc-kpix_Cement_2009718</subfield>
    <subfield code="e">Vhc-kpix_Cement_2009643</subfield>
    <subfield code="g">3547004</subfield>
  </datafield>
  <datafield tag="980" ind1=" " ind2=" ">
    <subfield code="a">84649638256</subfield>
  </datafield>
  <datafield tag="038" ind1=" " ind2=" ">
    <subfield code="a">490a57bac</subfield>
  </datafield>
  <datafield tag="245" ind1=" " ind2=" ">
    <subfield code="a">KPIX Channel 5 Town of Cement</subfield>
  </datafield>
  <datafield tag="260" ind1=" " ind2=" ">
    <subfield code="c">2009</subfield>
  </datafield>
  <datafield tag="340" ind1=" " ind2=" ">
    <subfield code="a">DVD</subfield>
  </datafield>
  <datafield tag="650" ind1="1" ind2="7">
    <subfield code="2">CaVaHC</subfield>
    <subfield code="a">Multimedia/Videos</subfield>
  </datafield>
  <datafield tag="520" ind1=" " ind2=" ">
    <subfield code="a">"Eye On The Bay" host Brian Hackney interviews local historian Jerry Bowen at the site of the old town of Cement. Cement was a company town that operated near Fairfield, CA from 1902 to 1927, which produced most of the portland cement used for area bridges and buildings.</subfield>
  </datafield>
  <datafield tag="100" ind1=" " ind2=" ">
    <subfield code="a">KPIX Channel 5</subfield>
  </datafield>
  <datafield tag="036" ind1=" " ind2=" ">
    <subfield code="a">KpixChannel5TownOfCement</subfield>
  </datafield>
  <datafield tag="041" ind1=" " ind2=" ">
    <subfield code="a">eng</subfield>
  </datafield>
</record>
</collection>